States Where US Presidents were born - Sudden Death - Statistics

General Stats
  • This quiz has been taken 51 times
  • The average score is 4 of 7
Answers on the Grid
Answers color-coded by a green-red scale on the quiz's grid according to % correct below.
Hawaii
Georgia
North Dakota
New Hampshire
Florida
Texas
Illinois
New Mexico
Alaska
Ohio
Indiana
Minnesota
South Carolina
Wyoming
Washington
 
Answer Stats
Answer % Correct
Hawaii
82%
Texas
82%
Georgia
73%
Illinois
64%
New Hampshire
45%
Ohio
45%
South Carolina
9%
No matching quizzes found
Score Distribution
Percent of People with Each Score
Percentile by Number Answered
Your Score History
You have not taken this quiz